K otázkam optimalizácie niektorých konštrukčných parametrov planétových prevodov. /

Na minha lista:
Detalhes bibliográficos
Autor principal: Hlavenka, Ľudovít (Author)
Formato: Manuscrito Livro
Publicado em: Bratislava : SVŠT v Bratislave SjF, 1981
Tags: Adicionar Tag
Sem tags, seja o primeiro a adicionar uma tag!

MARC

LEADER 00000ntm a22000003a 4500
001 stu47712
005 20150617225711.3
008 ------s1981----cs----------------------d
040 |a STU  |b slo 
041 0
044 |a cs 
080 |a 621.833.6  |7 stu_us_auth*stu11089 
100 1 |a Hlavenka, Ľudovít  |4 aut 
245 1 |a K otázkam optimalizácie niektorých konštrukčných parametrov planétových prevodov. /  |c [aut.] Hlavenka,Ľudovít 
260 |a Bratislava :  |b SVŠT v Bratislave SjF,  |c 1981 
300 |a 141 s 
996 |b J63576  |c J*63576/DIZ.  |l JJSK  |s A  |a 24  |w stu47712_0001